000 00745nam a22002777a 4500
001 22409
003 UA-OsUOA
005 20200302100215.0
007 ta
008 20031219b un ||||| |||| 00| 0 ukr d
020 _a5811403720
040 _aUA-OsUOA
_brus
_cUA-OsUOA
_dUA-OsUOA
041 _arus
044 _aRU
080 _a141
090 _a141
_bР69
100 _aРоманов Ю. И.
245 _aКраткая история философской мысли
260 _aСПб.
_bЛань
_c2001
300 _a224 с.
650 7 _2UDC
_a1 Філософські науки
700 _aСандулов Ю.А.
942 _cBK
_2udc
955 _a0
999 _c308628
_d308628